000 00923cam a22002778i 4500
001 tfh9bp4hrwvfpv3b
003 LIBRIS
005 20260414134206.0
008 251218s2026 xx |||||||||||000 0|eng|d
020 _a9783037683095
_qinbunden
035 _a(BOKR)9783037683095
040 _aBOKR
_ei
_cN
041 _aeng
082 _a728.0948 U33 2026
100 1 _avan Uffelen, Chris
_4aut
245 1 0 _aLiving Nordic /
_cChris van Uffelen.
263 _a202601
264 1 _bThames & Hudson Ltd.
_c2026
300 _a192 sidor
_c29 cm
336 _atext
_btxt
_2rdacontent
337 _aunmediated
_bn
_2rdamedia
338 _avolume
_bnc
_2rdacarrier
650 _aScandinavian architecture; Nordic interior design; residential design; minimalism; sustainable housing; contemporary housing styles.
887 _a{"@id":"tfh9bp4hrwvfpv3b","modified":"2026-02-24T08:03:30.414+01:00"}
_2librisxl
942 _2ddc
_cBK-EN
_n0
999 _c8884
_d8884